000
00291nam a22001337a 4500
008
181121b xxu||||| |||| 00| 0 eng d
020
_a
9780321228185
041
_a
eng
080
_2
3 th
_a
510
100
_a
39
101
_a
MAT
245
_a
Basic Mathematics
_c
Akts.G
942
_2
udc
_c
BK
999
_c
52288
_d
52288